Góp phần tìm hiểu quan hệ giữa tôn giáo và đạo đức /
Na minha lista:
| Autor principal: | |
|---|---|
| Formato: | Artigo |
| Idioma: | Vietnamese |
| Assuntos: | |
| Tags: |
Adicionar Tag
Sem tags, seja o primeiro a adicionar uma tag!
|
| Thư viện lưu trữ: | Thư viện Trường Đại học Đà Lạt |
|---|
| LEADER | 00768nam a2200265 4500 | ||
|---|---|---|---|
| 001 | DLU150169741 | ||
| 005 | ##20150603 | ||
| 040 | # | # | |a DLU |b vie |
| 041 | # | # | |a vie |
| 044 | # | # | |a vn |
| 100 | # | # | |a Nguyễn Thị Nga. |
| 245 | # | # | |a Góp phần tìm hiểu quan hệ giữa tôn giáo và đạo đức / |c Nguyễn Thị Nga. |
| 653 | # | # | |a Đạo đức |
| 653 | # | # | |a Tôn giáo |
| 653 | # | # | |a Truyền bá |
| 773 | # | # | |t Tạp chí Nghiên cứu tôn giáo |g Số4(10), 2001, tr. 26-30 |
| 920 | # | # | |a Phòng Tạp chí -- Trung tâm Thông tin - Thư viện Trường Đại học Đà Lạt |
| 994 | # | # | |a DLU |
| 900 | # | # | |a True |
| 911 | # | # | |a Nguyễn Thị Mai Anh |
| 925 | # | # | |a G |
| 926 | # | # | |a A |
| 927 | # | # | |a BB |
| 980 | # | # | |a Thư viện Trường Đại học Đà Lạt |